Begrünte Stadtplätze in den 1930er Jahren
| Titel: | Begrünte Stadtplätze in den 1930er Jahren : Zwei Beispiele aus Görlitz |
|---|---|
| Verfasser: | |
| In: |
Die Gartenkunst, Band 24, Heft 1 (2012), Seite 103-114, Abb. alle Artikel anzeigen |
| Veröffentlicht: | 2012 |
| Format: | Aufsatz |
| Sprache: | Deutsch |
X
alg: 39267938 001A $01999:11-11-16 001B $01999:21-05-21 $t16:54:01.000 001C $06050:19-11-16 $t08:56:51.000 001D $01999:11-11-16 001U $0utf8 001X $00 002@ $0Aox 003@ $0392679388 007A $0392679388 $aHEB 007T $0Herdc0087931m 010@ $ager 011@ $a2012 021A $aBegrünte Stadtplätze in den 1930er Jahren $dZwei Beispiele aus Görlitz 028A $aFibich $dPeter 031A $d24 $e1 $h103-114, Abb. $j2012 039B $aIn $8--Abvc--. Die @Gartenkunst. - Worms : Werner, 1899-. - ISSN 0935-0519 $x201200000240001897 $9047347716 045F $a307.094385 $eDDC23BSB 045F/01 $a307.09 045F/03 $g4385 045T $a9,10 lok: 39267938 78 exp: 39267938 78 1 #EPN 201B/01 $025-01-18 $t23:19:07.000 201U/01 $0utf8 203@/01 $0788778730 208@/01 $a11-11-16 $be 209A/01 $a/ $f000 $x00 220C/01 $aTitelaufnehmer: pg 220C/01 $aHerkunft: HI Marburg 244Z/01 $2Trx $#Silesia $#Śląsk $#Sliezsko $#Slezsko $8--Trx--Schlesien $x01 $9391173987 244Z/01 $#Stadt Görlitz $#Stadtkreis Görlitz $#Goerliti $#Zhorjelc $#Zgorzelec $#Gorlicia Calancorum $#Gorlicium $74021441-2 $8--Tg1--Görlitz $x02 $908505237X 244Z/01 $aGeschichte 1930-1940 $x03 244Z/01 $2Trx $#aiad ja pargid $#parkai ir sodai $#Gardens and parks $#kertek és parkok $#parki i ogrody $#záhrady a parky $#zahrady a parky $#Parks $#ogrody $#ogrody botaniczne $#parky $#parky $8--Trx--Gärten und Parks $x04 $9391360051 244Z/01 $2Trx $#teed ja platsid $#gatvės ir aikštės $#streets and places $#útcák és terek $#place i ulice $#ulice a námestie $#ulice a náměstí $#Plätze $#ulice $#námestie $#náměstí $8--Trx--Straßen und Plätze $x05 $9391374079 244Z/01 $2Trx $8--Trx--Zeitschriftenaufsatz $x06 $9391384341 245Z/01 $a13.03 $x01 245Z/01 $a11.11 $x02 247C/01 $82080>Marburg/Lahn, Herder-Institut, Forschungsbibliothek, Bibliographieportal $9336309341
| LEADER | 00000caa a22000002c 4500 | ||
|---|---|---|---|
| 001 | 392679388 | ||
| 003 | DE-603 | ||
| 005 | 20210521165401.0 | ||
| 007 | tu | ||
| 008 | 161111s2012 xx |||| | u00||u|ger c | ||
| 035 | |a (DE-599)HEB392679388 | ||
| 040 | |a DE-603 |b ger |c DE-603 |d DE-603 | ||
| 041 | |a ger | ||
| 082 | 0 | 4 | |8 1\u |a 307.094385 |q DE-101 |2 23/BSB |
| 084 | |a 9,10 |2 ssgn | ||
| 085 | |8 1\u |b 307.09 | ||
| 085 | |8 1\u |z 2 |s 4385 | ||
| 100 | 1 | |a Fibich, Peter | |
| 245 | 0 | 0 | |a Begrünte Stadtplätze in den 1930er Jahren |b Zwei Beispiele aus Görlitz |
| 264 | 0 | |c 2012 | |
| 773 | 0 | 8 | |i In |t Die Gartenkunst |d Worms : Werner, 1899- |x 0935-0519 |g Band 24, Heft 1 (2012), Seite 103-114, Abb. |w (DE-603)047347716 |w (DE-600)216639-2 |
| 924 | 0 | |9 2080 |a (DE-603)788778730 |b DE-2080 |c HES |d d |g / | |


